Guyton y Hall. Tratado de fisiología médica
Sparad:
| Huvudupphovsman: | |
|---|---|
| Övriga upphovsmän: | |
| Materialtyp: | Okänd |
| Publicerad: |
Barcelona, España:
Elsevier,
2021.
|
| Upplaga: | 14.ª edición. |
| Ämnen: | |
| Taggar: |
Lägg till en tagg
Inga taggar, Lägg till första taggen!
|
MARC
| LEADER | 00000 a2200000 4500 | ||
|---|---|---|---|
| 003 | CL-VaPUC | ||
| 005 | 20240923113918.0 | ||
| 008 | 231108t2021 ||||| |||| 00| 0 eng d | ||
| 999 | |c 442093 |d 442091 | ||
| 020 | |a 9788413820132 | ||
| 040 | |c Pontificia Universidad Católica de Valparaíso | ||
| 082 | 7 | |a 612 HAL 2021 |2 22 | |
| 100 | |a Hall, John E. |9 885180 |e autor | ||
| 245 | |a Guyton y Hall. |b Tratado de fisiología médica | ||
| 250 | |a 14.ª edición. | ||
| 260 | |a Barcelona, España: |b Elsevier, |c 2021. | ||
| 300 | |a xix, 1132 páginas : |b ilustraciones. | ||
| 500 | |a Incluye versión digital en inglés. | ||
| 583 | |k GC |c 20231108 | ||
| 650 | 0 | |a Fisiología humana |x Fisiología regional |9 269557 | |
| 650 | 0 | |a Anatomía |x Cuerpo humano |9 885623 | |
| 650 | 0 | |a Sistema biológico |9 534144 | |
| 650 | 0 | |a Citología |x Biología molecular |9 891569 | |
| 650 | 0 | |a Electrofisiología |9 351410 | |
| 700 | |a Hall, Michael E. |e autor |9 885624 | ||
| 942 | |2 ddc |c BK | ||
| 952 | |0 0 |1 0 |2 ddc |4 0 |6 612_000000000000000_HAL_2021 |7 0 |8 A |9 592339 |a BIBCUR |b BIBCUR |c GEN |d 2023-11-08 |e 3 |g 94809.00 |i 5659365 |l 9 |m 2 |o 612 HAL 2021 |p 5659365 |q 2025-05-12 |r 2025-05-05 |s 2025-05-05 |t 2 |v 94809.00 |w 2023-11-08 |y BK |k BIO | ||
| 952 | |0 0 |1 0 |2 ddc |4 0 |6 612_000000000000000_HAL_2021 |7 0 |8 A |9 592340 |a BIBCUR |b BIBCUR |c GEN |d 2023-11-08 |e 3 |g 94809.00 |i 5659364 |l 9 |m 4 |o 612 HAL 2021 |p 5659364 |q 2025-05-12 |r 2025-05-05 |s 2025-05-05 |t 1 |v 94809.00 |w 2023-11-08 |y BK |k BIO | ||
| 952 | |0 0 |1 0 |2 ddc |4 0 |6 612_000000000000000_HAL_2021 |7 0 |8 A |9 592529 |a BIBCUR |b BIBCUR |c GEN |d 2023-11-16 |e 3 |g 94809.00 |i 5659532 |l 16 |m 4 |o 612 HAL 2021 |p 5659532 |q 2025-05-13 |r 2025-05-06 |s 2025-05-06 |t 3 |v 94809.00 |w 2023-11-16 |y BK |k BIO | ||